| 000 | 01803nam a2200529 i 4500 | ||
|---|---|---|---|
| 001 | 41588 | ||
| 003 | KOSZ 005 | ||
| 005 | 20220606092755.0 | ||
| 008 | 020723s2002 pl f |000 0 pol | ||
| 015 | _aUWD 2002/12008 | ||
| 020 | _a8373330038 | ||
| 035 | _a991018597499705066 | ||
| 035 | _a(PL-WaBN)b15041797-48omnis_nlop | ||
| 035 | _ab15041797 | ||
| 035 | _a(OCoLC)831029999 | ||
| 035 | _azz2002960306 | ||
| 035 | _a(PL)b0000001504179 | ||
| 035 | _a(EXLNZ-48OMNIS_NETWORK)9910173115005606 | ||
| 040 |
_aWA N _cWA N _dKOSZ 005/HR |
||
| 046 | _k2002 | ||
| 080 | _a347.72(438) | ||
| 080 | _a347.74(438) | ||
| 080 | _a(075.8) | ||
| 245 | 0 | 0 |
_aPrawo handlowe : _bspółki handlowe, umowy gospodarcze / _cAndrzej Koch, Jacek Napierała red. ; [poszczeg. rozdz. napisali A. Janiak et al.]. |
| 260 |
_aKraków : _b"Zakamycze", _c2002. |
||
| 300 |
_a859 s. ; _c25 cm. |
||
| 336 |
_aTekst _btxt _2rdacontent |
||
| 337 |
_aBez urządzenia pośredniczącego _bn _2rdamedia |
||
| 338 |
_aWolumin _bnc _2rdacarrier |
||
| 380 | _aKsiążki | ||
| 388 | _a2001- | ||
| 500 | _aNa okł. podtyt.: podręcznik. | ||
| 504 | _aBibliogr. przy rozdz. | ||
| 650 | 7 |
_aSpółki handlowe _2DBN |
|
| 650 | 7 | _aPrawo handlowe | |
| 650 | 7 |
_aUmowy handlowe _2DBN |
|
| 651 | 7 | _aPolska | |
| 655 | 7 |
_aPodręczniki akademickie _2DBN |
|
| 658 | _aGospodarka, ekonomia, finanse | ||
| 700 | 1 |
_aJaniak, Andrzej _c(prawnik) _eAutor |
|
| 700 | 1 |
_aKoch, Andrzej _d(1941- ) _eRedakcja |
|
| 700 | 1 |
_aNapierała, Jacek _d(1947- ) _eRedakcja |
|
| 710 | 2 |
_aKantor Wydawniczy Zakamycze _4pbl |
|
| 856 |
_uhttp://koha.tu.koszalin.pl/cgi-bin/koha/opac-detail.pl?biblionumber=41588 _yKatalog online BPK |
||
| 942 |
_2UKD _cKS |
||
| 999 |
_c41588 _d41588 |
||